000 00667nam a2200217Ia 4500
003 GCL
008 140319s9999 xx 000 0 ara d
040 _aGCL /
_cGCL
082 0 4 _aق
_b920.71
_bف د
100 1 _aفتحى رضوان
245 1 0 _aدور العمائم فى تاريخ مصر الحديث /
_cفتحى رضوان
260 _a[S.N] :
_bالزهراء للاعلام العربى ،
_c1986
300 _a142 ص
490 _a
650 0 4 _aمصر
650 0 4 _aالتاريخ
650 0 4 _aالادباء المصريون
650 0 4 _aالصحفيون المصريون
650 0 4 _aالسياسيون المصريون
942 _2ddc
_cBK
999 _c30951
_d30951